| 000 | 01922nam a2200361 a 4500 | ||
|---|---|---|---|
| 001 | 000048039 | ||
| 005 | 20260428073714.0 | ||
| 008 | 150115s2018 dr 000 j spa d | ||
| 020 | _a9789945503234 | ||
| 040 |
_aDO-SdBNP _bspa _cBNPHU |
||
| 082 |
_aRD863.5 _bP925I |
||
| 111 | 2 |
_aPremios Joven de Cuento Feria del Libro _d(2017 : _cSanto Domingo) _975535 |
|
| 245 | 1 | 0 |
_aIsaura, el Oboe te desnuda y otros cuentos premiados / _cMiguel Jiménez... [et.al ]. |
| 260 |
_aSanto Domingo : _bEdiciones Ferilibro : _bMinisterio de Cultura ; _bEditora Nacional, _c2018. |
||
| 300 |
_a63 p. ; _c21 cm. |
||
| 490 | _aNarrativa | ||
| 500 | _aIncluye datos biográficos del autor ganador en las solapas de la cubierta | ||
| 505 | 0 |
_gPremio -- _tIsaura, el oboe te desnuda / _rMiguel Jiménez -- _gMenciones : _tDacrifilia/ _rKatherine Gutiérrez Aybar -- _tOscura est / _rCarlos Joel Cabrera -- _tYo no soy tiempo, Teresa / _rJesús Marrero -- _tCalle La Esperanza / _rJesús Marrero -- _tAmir / _rElena Elizabeth Ramos Grullón -- _tLa desaparición de la señorita López / _rYaina Melissa Rodríguez Ramírez -- _tRosa de Bayahíbe / _rMiguel Ángel Otaño Montero -- |
|
| 590 | _aInventariado, 2018/VM | ||
| 650 | 0 |
_aCuentos dominicanos _9176 |
|
| 650 | 0 |
_aLiteratura dominicana. _967 |
|
| 650 | 4 |
_aCertamenes literarios _91541 |
|
| 650 | 0 |
_aPremios literarios _91542 |
|
| 700 | 1 | 2 |
_aJiménez,Miguel _tIsaura, el oboe te desnuda _975536 |
| 700 | 1 | 2 |
_aGutiérrez Aybar, Katherine _tDacrifilia _975537 |
| 700 | 1 | 2 |
_aCabrera, Carlos Joel _tOscura est _975538 |
| 700 | 1 | 2 |
_aMarrero, Jesús _tYo no soy tiempo, Teresa _975539 |
| 700 | 1 | 2 |
_aMarrero, Jesús _tCalle La Esperanza _975540 |
| 700 | 1 | 2 |
_aRamos Grullón , Elena Elizabeth _tAmir _975541 |
| 700 | 1 | 2 |
_aRodríguez Ramírez, Yaina Melissa _tLa desaparición de la señorita López _975542 |
| 700 | 1 | 2 |
_aBayahíbe, Rosa de _tMiguel Ángel Otaño Montero _975543 |
| 830 | 0 | 0 |
_aNarrativa _911366 |
| 999 |
_c47527 _d47527 |
||